Barn party / (Record no. 3282)
[ view plain ]
| 000 -LEADER | |
|---|---|
| fixed length control field | 01302cam a2200385 a 4500 |
| 005 - DATE AND TIME OF LATEST TRANSACTION | |
| control field | 20250114112749.0 |
| 020 ## - INTERNATIONAL STANDARD BOOK NUMBER | |
| International Standard Book Number | 0753458543 (pbk.) |
| 020 ## - INTERNATIONAL STANDARD BOOK NUMBER | |
| International Standard Book Number | 9780753458549 |
| 040 ## - CATALOGING SOURCE | |
| Original cataloging agency | EOW |
| Transcribing agency | EOW |
| Modifying agency | BAKER |
| -- | IUI |
| -- | DLC |
| Language of cataloging | eng |
| 050 00 - LIBRARY OF CONGRESS CALL NUMBER | |
| Classification number | 823.9 |
| Item number | 2005 |
| 100 1# - MAIN ENTRY--PERSONAL NAME | |
| Personal name | O'Brien, Claire |
| 245 10 - TITLE STATEMENT | |
| Title | Barn party / |
| Statement of responsibility, etc. | by O'Brien, Claire ; illustrated by Archbold, Tim |
| 250 ## - EDITION STATEMENT | |
| Edition statement | First published by Kingfisher in 1996 |
| 260 ## - PUBLICATION, DISTRIBUTION, ETC. | |
| Place of publication, distribution, etc. | Boston : |
| Name of publisher, distributor, etc. | Kingfisher, |
| Date of publication, distribution, etc. | 2005 |
| 300 ## - PHYSICAL DESCRIPTION | |
| Extent | 46 pages : |
| Other physical details | color illustrations ; |
| Dimensions | 24 cm. |
| 490 ## - SERIES STATEMENT | |
| Series statement | I am reading |
| 505 ## - FORMATTED CONTENTS NOTE | |
| Formatted contents note | M <br/> |
| 520 ## - SUMMARY, ETC. | |
| Summary, etc. | Chicken decides to hold a party, but Cockerel makes trouble by trying to exclude the animals he thinks are too untidy. |
| 521 2# - TARGET AUDIENCE NOTE | |
| Target audience note | 540 <br/> |
| Source | Lexile <br/> |
| 521 2# - TARGET AUDIENCE NOTE | |
| Target audience note | M <br/> |
| Source | Raz-Plus <br/> |
| 650 #0 - SUBJECT ADDED ENTRY--TOPICAL TERM | |
| Topical term or geographic name entry element | Chickens |
| Form subdivision | Juvenile fiction |
| 650 #0 - SUBJECT ADDED ENTRY--TOPICAL TERM | |
| Topical term or geographic name entry element | Domestic animals |
| Form subdivision | Juvenile fiction |
| 650 #0 - SUBJECT ADDED ENTRY--TOPICAL TERM | |
| Topical term or geographic name entry element | Parties |
| Form subdivision | Juvenile fiction |
| 650 #0 - SUBJECT ADDED ENTRY--TOPICAL TERM | |
| Topical term or geographic name entry element | Orderliness |
| Form subdivision | Juvenile fiction |
| 650 #0 - SUBJECT ADDED ENTRY--TOPICAL TERM | |
| Topical term or geographic name entry element | Hygiene |
| Form subdivision | Juvenile fiction |
| 650 #1 - SUBJECT ADDED ENTRY--TOPICAL TERM | |
| Topical term or geographic name entry element | Chickens |
| Form subdivision | Fiction. |
| 650 #1 - SUBJECT ADDED ENTRY--TOPICAL TERM | |
| Topical term or geographic name entry element | Domestic animals |
| Form subdivision | Fiction. |
| 650 #1 - SUBJECT ADDED ENTRY--TOPICAL TERM | |
| Topical term or geographic name entry element | Parties |
| Form subdivision | Fiction. |
| 650 #1 - SUBJECT ADDED ENTRY--TOPICAL TERM | |
| Topical term or geographic name entry element | Orderliness |
| Form subdivision | Fiction. |
| 650 #1 - SUBJECT ADDED ENTRY--TOPICAL TERM | |
| Topical term or geographic name entry element | Cleanliness |
| Form subdivision | Fiction. |
| 700 1# - ADDED ENTRY--PERSONAL NAME | |
| Personal name | Archbold, Tim |
| Relator term | illustrator |
| 906 ## - LOCAL DATA ELEMENT F, LDF (RLIN) | |
| a | 7 |
| b | cbc |
| c | copycat |
| d | 2 |
| e | ncip |
| f | 20 |
| g | y-gencatlg |
| 942 ## - ADDED ENTRY ELEMENTS (KOHA) | |
| Source of classification or shelving scheme | Dewey Decimal Classification |
| Koha item type | Books |
| Suppress in OPAC | No |
| 999 ## - | |
| -- | 3282 |
| -- | 3282 |
| Withdrawn status | Lost status | Source of classification or shelving scheme | Damaged status | Not for loan | Collection | Home library | Current library | Shelving location | Date acquired | Total Checkouts | Full call number | Barcode | Date last seen | Date last checked out | Copy number | Price effective from | Koha item type |
|---|---|---|---|---|---|---|---|---|---|---|---|---|---|---|---|---|---|
| Dewey Decimal Classification | Juvenile Fiction | Footprints International School Library Network Toul Kork Campus | Footprints International School Library Network Toul Kork Campus | 02/23/2024 | 2 | OBR 823.9 | FIS03093 | 09/25/2024 | 09/18/2024 | 1 | 02/23/2024 | Books | |||||
| Dewey Decimal Classification | Juvenile Fiction | Footprints International School Library Network Toul Kork Campus | Footprints International School Library Network Toul Kork Campus | TK Primary Library Room(4th Floor), Bookcase 3&4, Shelves 17-32, Yellow Books | 01/14/2025 | 1 | OBR 823.9 PZ7 | FISTK01785 | 10/03/2025 | 09/12/2025 | 2 | 01/14/2025 | Books |
